000 01077njm a22002417a 4500
005 20100903134040.0
006 a|||||r|||||00| 0
007 sd ammalaaahaa
008 100830t xxu||||| |||| 00| 0 eng d
028 _aJ.N.G.965
_bMegaphone
035 _aGR-352
040 _aSED
_cSED
100 _aAkhtari Bai (Fyzabadi)
_917814
245 _aStar /
_cby Akhtari Bai (Fyzabadi)
_h[soung recording] :
246 _aस्टार / द्वारा अखतारी बाई (फ्यज़ाबादी)
260 _aIndia
_bMegaphone
300 _a1 sound disc [Gramophone Recording] :
_banalog, 33 1/3 rpm
_c9.5 in (MP)
_fGramophone Record
500 _aBrief record
505 _aSide-1 बुझी हुई शमा का (ग़ज़ल) (Bujhi hui shama ka) (Akhtari Bai (Fyzabadi)) --Side-2 सच सच बताना ऐ दिल (Sach sach btana ae dil) (Akhtari Bai (Fyzabadi))
650 _bClassical music
_xExcerpts.
_zIndia
_917460
942 _2ddc
_cGR
999 _c43559
_d43559